=LDR 00000nam 2200000 4500 =001 INLIS000000000036210 =005 20130612142018 =008 ***********************************Ind** =035 ##$$0010-061300000036210 =041 ##$$a Ind =082 ##$$a 641.865 4 =090 ##$$a 641.865 4, Pri p =100 ##$$a Priyatni, Dewi =245 ##$$a Pastel tutup, Dewi Priyatni ; editor, Intarina Hardiman =260 ##$$a 2010 $b Jakarta =300 ##$$a 47 hlm, ilus, 21 cm =650 ##$$a Kue-resep =850 ##$$a NBPNMAT